Statystyki dla Wyrazy Gwary Podhalańskiej

Kliknij tutaj aby rozwiązać quiz!

Ogólne statystyki

  • Ten quiz został rozwiązany 184 razy
  • Średni wynik to 5 z 15

Statystyki odpowiedzi

Po GóralskuPo Polsku% Poprawnych
KajGdzie
81%
SyćkaWszystko
63%
WarzyćGotować
57%
ZwadaKłótnia
54%
DźwierzeDrzwi
45%
MasnyTłusty
42%
HejTak
36%
GibkiSzybki
32%
GęśleSkrzypce
19%
ChawokTutaj
13%
PłackiŁzy
11%
SkijeNarty
11%
DyćAle
7%
ŁobytomCiągle
1%
RzodkoSłabo
1%

Rozkład punktacji

Percentyl według liczby udzielonych odpowiedzi

Procent ludzi z każdym wynikiem

Twoja historia wyników

Nie rozwiązałeś tego quizu